[Event "16. Torneo Navalmoral de la Mata"]
[Site "Navamoral de la Mata ESP"]
[Date "2010.12.05"]
[Round "3.4"]
[White "Del Rio De Angelis, Salvador G"]
[Black "Komljenovic, Davorin"]
[Result "1/2-1/2"]
[WhiteElo "2489"]
[BlackElo "2459"]
[PlyCount "62"]
[EventDate "2010.12.04"]
[EventType "swiss"]
[EventRounds "9"]
[EventCountry "ESP"]
[Source "lmi"]
[SourceDate "2010.12.04"]

1. d4 g6 2. c4 Bg7 3. e4 d6 4. Nf3 Bg4 5. Be2 Nc6 6. Be3 e5 7. d5 Bxf3 8. Bxf3
Nd4 9. O-O Ne7 10. Bxd4 exd4 11. Nd2 c5 12. Be2 g5 13. a4 Ng6 14. Ra3 O-O 15.
Bg4 Rb8 16. Bf5 h6 17. g3 a6 18. f4 b5 19. axb5 axb5 20. Qh5 bxc4 21. Nxc4 Rb4
22. b3 gxf4 23. gxf4 Ne7 24. Bh3 f5 25. e5 dxe5 26. d6 Nc6 27. fxe5 Nxe5 28.
Nxe5 Bxe5 29. Qg6+ Bg7 30. Rxf5 Rxf5 31. Bxf5 Rb8 1/2-1/2

[Event "16. Torneo Navalmoral de la Mata"]
[Site "Navamoral de la Mata ESP"]
[Date "2010.12.05"]
[Round "3.5"]
[White "Espinosa Aranda, Angel"]
[Black "Cruz, Cristhian"]
[Result "0-1"]
[WhiteElo "2419"]
[BlackElo "2485"]
[PlyCount "72"]
[EventDate "2010.12.04"]
[EventType "swiss"]
[EventRounds "9"]
[EventCountry "ESP"]
[Source "lmi"]
[SourceDate "2010.12.04"]

1. e4 e6 2. d4 d5 3. e5 c5 4. c3 Nc6 5. Nf3 Qb6 6. a3 Nh6 7. b4 cxd4 8. cxd4
Nf5 9. Bb2 Be7 10. h4 Bd7 11. g4 Nh6 12. Rg1 f6 13. exf6 gxf6 14. Qd2 Nf7 15.
Nc3 Rc8 16. Bd3 a5 17. b5 Na7 18. Qe2 a4 19. g5 Qa5 20. Qd2 Nd6 21. gxf6 Bxf6
22. Kf1 Kd8 23. Qh6 Be7 24. Rg7 Re8 25. Rxe7 Rxe7 26. Nxd5 exd5 27. Qxd6 Rc3
28. Bxc3 Qxc3 29. Rd1 Qb2 30. Rd2 Nc8 31. Qc5 b6 32. Qc2 Qxa3 33. Re2 Nd6 34.
Rxe7 Kxe7 35. Qd2 Qxd3+ 36. Qxd3 Bxb5 0-1

[Event "16. Torneo Navalmoral de la Mata"]
[Site "Navamoral de la Mata ESP"]
[Date "2010.12.05"]
[Round "3.6"]
[White "Kislinsky, Alexey"]
[Black "Bharathi, R."]
[Result "1-0"]
[WhiteElo "2483"]
[BlackElo "2111"]
[PlyCount "59"]
[EventDate "2010.12.04"]
[EventType "swiss"]
[EventRounds "9"]
[EventCountry "ESP"]
[Source "lmi"]
[SourceDate "2010.12.04"]

1. e4 c5 2. Nf3 e6 3. c3 d5 4. e5 Nc6 5. d4 Qb6 6. Bd3 Bd7 7. dxc5 Qc7 8. Qe2
Nge7 9. Na3 a6 10. b4 Ng6 11. Bxg6 hxg6 12. O-O Be7 13. Re1 O-O 14. Bf4 b6 15.
cxb6 Qxb6 16. Nc2 f6 17. Rad1 Rac8 18. exf6 Bxf6 19. Qd3 Ne7 20. Be3 Qc7 21.
Bc5 Rf7 22. c4 a5 23. a3 Nf5 24. Ne3 Nxe3 25. Rxe3 axb4 26. axb4 dxc4 27. Qxc4
Be7 28. Ne5 Bxc5 29. bxc5 Re7 30. Rxd7 1-0

[Event "16. Torneo Navalmoral de la Mata"]
[Site "Navamoral de la Mata ESP"]
[Date "2010.12.05"]
[Round "3.7"]
[White "Bhakti, Kulkarni"]
[Black "Spasov, Vasil"]
[Result "0-1"]
[WhiteElo "2270"]
[BlackElo "2606"]
[PlyCount "96"]
[EventDate "2010.12.04"]
[EventType "swiss"]
[EventRounds "9"]
[EventCountry "ESP"]
[Source "lmi"]
[SourceDate "2010.12.04"]

1. d4 Nf6 2. Nf3 g6 3. Bg5 Bg7 4. Nbd2 O-O 5. c3 d6 6. e4 c5 7. dxc5 dxc5 8.
Bc4 Nc6 9. Qe2 h6 10. Bh4 Nh5 11. Qe3 b6 12. O-O-O Qc7 13. h3 e5 14. g3 Be6 15.
Bd5 Rac8 16. Kb1 Ne7 17. Bxe7 Qxe7 18. c4 Bd7 19. Ka1 Nf6 20. Nb1 Nxd5 21. cxd5
b5 22. Rc1 a5 23. Rc2 f5 24. Nh4 Qd6 25. f3 c4 26. g4 fxe4 27. fxe4 a4 28. Rhc1
Kh7 29. Nf3 Rf4 30. Ng1 Rcf8 31. Nd2 Qf6 32. Kb1 Rf7 33. b3 axb3 34. axb3 Rf2
35. bxc4 bxc4 36. Nxc4 Rxc2 37. Kxc2 h5 38. g5 Qa6 39. Kd2 Bf8 40. Qb6 Qa4 41.
d6 Bb5 42. Qc5 Qa2+ 43. Rc2 Qa6 44. Ke3 Bxc4 45. Qxc4 Qa7+ 46. Qc5 Qb8 47. Rd2
Qb1 48. Nf3 Qb3+ 0-1

[Event "16. Torneo Navalmoral de la Mata"]
[Site "Navamoral de la Mata ESP"]
[Date "2010.12.05"]
[Round "3.8"]
[White "Fedorchuk, Sergey A"]
[Black "Pogorelov, Ruslan"]
[Result "1-0"]
[WhiteElo "2674"]
[BlackElo "2434"]
[PlyCount "22"]
[EventDate "2010.12.04"]
[EventType "swiss"]
[EventRounds "9"]
[EventCountry "ESP"]
[Source "lmi"]
[SourceDate "2010.12.04"]

1. e4 c5 2. Nf3 e6 3. d4 cxd4 4. Nxd4 a6 5. Be2 Nf6 6. Nc3 Qc7 7. O-O d6 8. a4
b6 9. f4 Bb7 10. Bf3 Nbd7 11. Kh1 Be7 1-0

[Event "16. Torneo Navalmoral de la Mata"]
[Site "Navamoral de la Mata ESP"]
[Date "2010.12.05"]
[Round "3.9"]
[White "Corrales Jimenez, Fidel"]
[Black "Barria Zuñiga, Daniel"]
[Result "0-1"]
[WhiteElo "2597"]
[BlackElo "2422"]
[PlyCount "116"]
[EventDate "2010.12.04"]
[EventType "swiss"]
[EventRounds "9"]
[EventCountry "ESP"]
[Source "lmi"]
[SourceDate "2010.12.04"]

1. e4 c6 2. c4 d5 3. exd5 cxd5 4. d4 Nf6 5. Nc3 Nc6 6. Nf3 Bg4 7. cxd5 Nxd5 8.
Qb3 Bxf3 9. gxf3 Nb6 10. d5 Nd4 11. Qd1 e5 12. f4 Bb4 13. Bg2 Nxd5 14. O-O Bxc3
15. fxe5 O-O 16. Kh1 Rc8 17. bxc3 Nxc3 18. Qg4 b5 19. Bh6 Ne6 20. f4 Rc4 21.
Qg3 Ne2 22. Qg4 Nc3 23. Rg1 f5 24. exf6 Qxf6 25. Bh3 Re4 26. Qh5 Kh8 27. Bxe6
gxh6 28. f5 Ne2 29. Rgf1 Rxe6 30. Rae1 Ng3+ 31. hxg3 Rxe1 32. Rxe1 Qxf5 33.
Qxf5 Rxf5 34. Re7 a5 35. Ra7 b4 36. Kg2 h5 37. Kh3 Kg8 38. Kh4 Rc5 39. Ra6 Kf7
40. Ra7+ Ke6 41. Rxh7 Rc2 42. Rh6+ Kf7 43. Rb6 Rxa2 44. Kxh5 Rb2 45. g4 a4 46.
g5 Rh2+ 47. Kg4 b3 48. g6+ Kg7 49. Kg5 Rg2+ 50. Kh5 Rh2+ 51. Kg5 Rg2+ 52. Kh5
b2 53. Rb7+ Kf6 54. Rb6+ Ke7 55. Rb7+ Kd6 56. g7 a3 57. Kh6 a2 58. Rb6+ Kc7 0-1

[Event "16. Torneo Navalmoral de la Mata"]
[Site "Navamoral de la Mata ESP"]
[Date "2010.12.05"]
[Round "3.10"]
[White "Leon Hoyos, Manuel"]
[Black "De La Torre Suarez, Angel"]
[Result "1-0"]
[WhiteElo "2570"]
[BlackElo "2128"]
[PlyCount "95"]
[EventDate "2010.12.04"]
[EventType "swiss"]
[EventRounds "9"]
[EventCountry "ESP"]
[Source "lmi"]
[SourceDate "2010.12.04"]

1. c4 e6 2. g3 d5 3. Bg2 Nf6 4. Nf3 c6 5. O-O Nbd7 6. b3 Bd6 7. Bb2 O-O 8. d3
e5 9. Nbd2 Qe7 10. e3 h6 11. Qc2 Re8 12. Rae1 Nf8 13. d4 e4 14. Ne5 Bxe5 15.
dxe5 Ng4 16. cxd5 cxd5 17. f4 exf3 18. Nxf3 Ng6 19. e4 d4 20. Nxd4 N4xe5 21.
Nf5 Qb4 22. a3 Qb6+ 23. Bd4 Qa6 24. h4 f6 25. h5 Nf8 26. Rd1 Bxf5 27. exf5 Rac8
28. Qb2 Nfd7 29. Bd5+ Kf8 30. Be6 Rcd8 31. b4 Qc6 32. Qg2 Qxg2+ 33. Kxg2 b6 34.
Rfe1 Nc6 35. Bc3 Nde5 36. b5 Rxd1 37. Rxd1 Nd8 38. Bxe5 Nxe6 39. fxe6 fxe5 40.
Rd6 g6 41. Kf3 Kg7 42. Ke4 gxh5 43. Kxe5 Kg6 44. Rd7 h4 45. gxh4 Rc8 46. e7 Kf7
47. Rd8 Rc5+ 48. Kd6 1-0

[Event "16. Torneo Navalmoral de la Mata"]
[Site "Navamoral de la Mata ESP"]
[Date "2010.12.05"]
[Round "4.1"]
[White "Cruz, Cristhian"]
[Black "Perez Candelario, Manuel"]
[Result "0-1"]
[WhiteElo "2485"]
[BlackElo "2524"]
[PlyCount "104"]
[EventDate "2010.12.04"]
[EventType "swiss"]
[EventRounds "9"]
[EventCountry "ESP"]
[Source "lmi"]
[SourceDate "2010.12.04"]

1. d4 Nf6 2. c4 g6 3. Nc3 Bg7 4. e4 d6 5. Be2 O-O 6. Nf3 Na6 7. O-O e5 8. Re1
c6 9. Be3 exd4 10. Nxd4 Re8 11. f3 Nc5 12. Qd2 a5 13. Rad1 Nfd7 14. Kh1 a4 15.
Bf1 Qa5 16. Bh6 Bf6 17. Nc2 Ne6 18. Be3 a3 19. b4 Qh5 20. Ne2 Ne5 21. Ng3 Qh4
22. Qf2 Be7 23. Kg1 Nf4 24. Nd4 Ra4 25. Qd2 Bg5 26. Qc3 Bf6 27. Qb3 Ra8 28. Bf2
Qh6 29. Qc2 Bd7 30. Nge2 Nh5 31. Nb3 Be7 32. Qc3 Qg5 33. Kh1 Bf8 34. Qc2 Qh6
35. Ng3 Nf6 36. Rd2 Qg7 37. Red1 h5 38. c5 d5 39. f4 Neg4 40. Bd4 h4 41. Ne2
Rxe4 42. Qc3 Rae8 43. h3 Rxd4 44. Qxd4 Re4 45. Qg1 Ne3 46. Rc1 Nh5 47. Nbd4 Qf6
48. Rc3 Nc4 49. Rd1 Bg7 50. Rf3 Qe7 51. Qf2 Ne3 52. Rc1 Bxd4 0-1

[Event "16. Torneo Navalmoral de la Mata"]
[Site "Navamoral de la Mata ESP"]
[Date "2010.12.05"]
[Round "4.2"]
[White "Kislinsky, Alexey"]
[Black "Le Roux, Jean-Pierre"]
[Result "0-1"]
[WhiteElo "2483"]
[BlackElo "2520"]
[PlyCount "57"]
[EventDate "2010.12.04"]
[EventType "swiss"]
[EventRounds "9"]
[EventCountry "ESP"]
[Source "lmi"]
[SourceDate "2010.12.04"]

1. e4 e5 2. Nf3 Nc6 3. d4 exd4 4. Nxd4 Bc5 5. Nb3 Bb6 6. Nc3 Nf6 7. Qe2 d6 8.
Be3 Be6 9. O-O-O Qe7 10. f3 O-O-O 11. Bxb6 axb6 12. Qb5 d5 13. Qa4 dxe4 14.
Qa8+ Nb8 15. Be2 Bxb3 16. axb3 c6 17. Qa7 Kc7 18. Qa4 Nbd7 19. Kb1 Rhe8 20. b4
Ra8 21. Qb3 Ra7 22. Qc4 Nd5 23. Qd4 Rea8 24. b3 exf3 25. Bxf3 Ra1+ 26. Kb2 Rxd1
27. Bxd1 Rd8 28. Qf4+ Qd6 29. Rf1 0-1

[Event "16. Torneo Navalmoral de la Mata"]
[Site "Navamoral de la Mata ESP"]
[Date "2010.12.05"]
[Round "4.4"]
[White "Spasov, Vasil"]
[Black "Perez Mitjans, Orelvis"]
[Result "1-0"]
[WhiteElo "2606"]
[BlackElo "2460"]
[PlyCount "101"]
[EventDate "2010.12.04"]
[EventType "swiss"]
[EventRounds "9"]
[EventCountry "ESP"]
[Source "lmi"]
[SourceDate "2010.12.04"]

1. e4 c5 2. Nf3 d6 3. Bb5+ Bd7 4. Bxd7+ Qxd7 5. c4 Nf6 6. Nc3 Nc6 7. d4 cxd4 8.
Nxd4 g6 9. h3 Bg7 10. Be3 O-O 11. O-O e6 12. Rc1 Rfd8 13. Re1 Rac8 14. b3 h6
15. Qf3 a6 16. Red1 Qe7 17. Qe2 Nh5 18. Qd2 Kh7 19. Nf3 Ne5 20. Nxe5 dxe5 21.
Qc2 f5 22. Rxd8 Rxd8 23. Rd1 Nf6 24. Rxd8 Qxd8 25. Qd2 Qxd2 26. Bxd2 Bf8 27.
Kf1 Kg7 28. Ke2 Kf7 29. f3 g5 30. Kd3 Kg6 31. Ne2 g4 32. hxg4 fxg4 33. fxg4
Nxg4 34. Be1 Kf7 35. b4 Be7 36. Ng1 Ke8 37. Nf3 Kd7 38. a4 a5 39. bxa5 Bc5 40.
Ke2 Kc6 41. Bc3 Kd6 42. Ne1 Ne3 43. Kd3 Nd1 44. Nf3 Nxc3 45. Kxc3 h5 46. Kb3
Kc7 47. Nxe5 Kd6 48. Nd3 e5 49. Nxc5 Kxc5 50. a6 bxa6 51. a5 1-0

[Event "16. Torneo Navalmoral de la Mata"]
[Site "Navamoral de la Mata ESP"]
[Date "2010.12.05"]
[Round "4.5"]
[White "Kolev Ivanov, Atanas"]
[Black "Del Rio De Angelis, Salvador G"]
[Result "1/2-1/2"]
[WhiteElo "2571"]
[BlackElo "2489"]
[PlyCount "56"]
[EventDate "2010.12.04"]
[EventType "swiss"]
[EventRounds "9"]
[EventCountry "ESP"]
[Source "lmi"]
[SourceDate "2010.12.04"]

1. d4 e6 2. e4 d5 3. Nd2 Be7 4. Ngf3 Nf6 5. e5 Nfd7 6. Bd3 c5 7. c3 Nc6 8. O-O
g5 9. dxc5 g4 10. Nd4 Ndxe5 11. Bb5 Bd7 12. N2b3 h5 13. Re1 Nxd4 14. Qxd4 Bxb5
15. Rxe5 Qd7 16. Rxd5 Qxd5 17. Qxh8+ Kd7 18. Qd4 Bc4 19. Be3 e5 20. Qxd5+ Bxd5
21. Rd1 Ke6 22. Na5 b6 23. cxb6 axb6 24. Bxb6 Bxa2 25. b3 Ra6 26. Bc7 Ra7 27.
Bb6 Ra6 28. Bc7 Ra7 1/2-1/2

[Event "16. Torneo Navalmoral de la Mata"]
[Site "Navamoral de la Mata ESP"]
[Date "2010.12.05"]
[Round "4.6"]
[White "Shishkin, Vadim"]
[Black "Leon Hoyos, Manuel"]
[Result "0-1"]
[WhiteElo "2458"]
[BlackElo "2570"]
[PlyCount "80"]
[EventDate "2010.12.04"]
[EventType "swiss"]
[EventRounds "9"]
[EventCountry "ESP"]
[Source "lmi"]
[SourceDate "2010.12.04"]

1. d4 Nf6 2. c4 c5 3. d5 e6 4. Nc3 exd5 5. cxd5 d6 6. e4 g6 7. Nge2 Bg7 8. Ng3
O-O 9. Be2 a6 10. a4 h5 11. Bg5 Nbd7 12. O-O Re8 13. f4 Qb6 14. e5 dxe5 15. f5
Qxb2 16. fxg6 fxg6 17. Rc1 Qb4 18. Qc2 e4 19. Kh1 Kh8 20. d6 b5 21. axb5 Bb7
22. Rb1 Qd4 23. bxa6 Bxa6 24. Nb5 Bxb5 25. Bxb5 Rf8 26. Rbd1 Qe5 27. Bf4 Qe6
28. Bc4 Qg4 29. Be2 Qh4 30. Qd2 Ng4 31. Bxg4 Qxg4 32. Nxe4 Ra4 33. h3 Qh4 34.
Qc2 Rb4 35. Nxc5 Nxc5 36. Bh2 Rxf1+ 37. Rxf1 Qd8 38. Qf2 Rb2 39. Qf3 Kh7 40.
Re1 Nd7 0-1

[Event "16. Torneo Navalmoral de la Mata"]
[Site "Navamoral de la Mata ESP"]
[Date "2010.12.05"]
[Round "4.7"]
[White "Barria Zuñiga, Daniel"]
[Black "Galego, Luis"]
[Result "0-1"]
[WhiteElo "2422"]
[BlackElo "2500"]
[PlyCount "68"]
[EventDate "2010.12.04"]
[EventType "swiss"]
[EventRounds "9"]
[EventCountry "ESP"]
[Source "lmi"]
[SourceDate "2010.12.04"]

1. d4 Nf6 2. c4 e6 3. Nf3 Bb4+ 4. Nbd2 d5 5. a3 Bxd2+ 6. Bxd2 Ne4 7. Bf4 Nc6 8.
h4 dxc4 9. Qc2 Qd5 10. Bxc7 b6 11. e3 Ba6 12. Be2 Rc8 13. Bf4 h6 14. O-O g5 15.
Bh2 Rg8 16. Rad1 gxh4 17. Nxh4 Ne7 18. f3 Ng3 19. Bxg3 Rxg3 20. Kf2 Rg7 21. Rh1
Bb7 22. g3 b5 23. Rh3 Qg5 24. Ng2 a6 25. Rdh1 Nd5 26. e4 Nf6 27. Qc1 Rd8 28.
Qxg5 hxg5 29. Rh8+ Ke7 30. Rxd8 Kxd8 31. Rh8+ Ke7 32. g4 Rh7 33. Rxh7 Nxh7 34.
Ne3 Nf8 0-1

[Event "16. Torneo Navalmoral de la Mata"]
[Site "Navamoral de la Mata ESP"]
[Date "2010.12.05"]
[Round "4.8"]
[White "Almagro Mazariegos, Sebastian"]
[Black "Korneev, Oleg"]
[Result "1/2-1/2"]
[WhiteElo "2307"]
[BlackElo "2582"]
[PlyCount "60"]
[EventDate "2010.12.04"]
[EventType "swiss"]
[EventRounds "9"]
[EventCountry "ESP"]
[Source "lmi"]
[SourceDate "2010.12.04"]

1. e4 e5 2. Nf3 Nc6 3. d4 exd4 4. Nxd4 Bc5 5. Nxc6 Qf6 6. Qf3 bxc6 7. Qg3 Ne7
8. Bd3 d6 9. Nd2 h5 10. h4 Qg6 11. Qh2 a5 12. O-O O-O 13. Nc4 Ba6 14. Qf4 Qg4
15. Qxg4 hxg4 16. Ne3 Bxd3 17. cxd3 f5 18. g3 Rae8 19. Bd2 a4 20. Rac1 fxe4 21.
dxe4 Ng6 22. Nxg4 Rxe4 23. Ne3 Ne5 24. Kg2 Bxe3 25. Bxe3 Nc4 26. Bf4 Rb8 27. f3
Rxb2+ 28. Kh3 Rd4 29. Rfe1 Kf8 30. Re6 Rxa2 1/2-1/2

[Event "16. Torneo Navalmoral de la Mata"]
[Site "Navamoral de la Mata ESP"]
[Date "2010.12.05"]
[Round "4.9"]
[White "Cornette, Matthieu"]
[Black "Garcia Garcia, Ruben"]
[Result "1-0"]
[WhiteElo "2522"]
[BlackElo "2290"]
[PlyCount "39"]
[EventDate "2010.12.04"]
[EventType "swiss"]
[EventRounds "9"]
[EventCountry "ESP"]
[Source "lmi"]
[SourceDate "2010.12.04"]

1. d4 Nf6 2. Nf3 g6 3. c4 Bg7 4. g3 O-O 5. Bg2 d6 6. Nc3 a6 7. O-O Nc6 8. b3
Bd7 9. Bb2 Qc8 10. Nd5 Nh5 11. e4 Bg4 12. Qd2 e5 13. dxe5 Bxf3 14. Bxf3 dxe5
15. Bxh5 gxh5 16. Qg5 Kh8 17. Qxh5 Nd4 18. f4 f6 19. fxe5 fxe5 20. Ba3 1-0

[Event "16. Torneo Navalmoral de la Mata"]
[Site "Navamoral de la Mata ESP"]
[Date "2010.12.05"]
[Round "4.10"]
[White "Malaniuk, Vladimir P"]
[Black "Bhakti, Kulkarni"]
[Result "1-0"]
[WhiteElo "2510"]
[BlackElo "2270"]
[PlyCount "71"]
[EventDate "2010.12.04"]
[EventType "swiss"]
[EventRounds "9"]
[EventCountry "ESP"]
[Source "lmi"]
[SourceDate "2010.12.04"]

1. d4 e6 2. Nf3 f5 3. g3 Nf6 4. Bg2 d5 5. O-O Bd6 6. c4 c6 7. Qc2 O-O 8. b3 a5
9. Ba3 b5 10. Bxd6 Qxd6 11. Rc1 bxc4 12. bxc4 Ba6 13. Nbd2 Nbd7 14. e3 Rfc8 15.
Bf1 c5 16. Qd1 cxd4 17. exd4 Ne4 18. c5 Qc6 19. Rab1 Bxf1 20. Qxf1 e5 21. dxe5
Nxd2 22. Nxd2 Nxe5 23. Qg2 Rab8 24. Rxb8 Rxb8 25. Nb3 Rd8 26. f4 Nd3 27. Rd1
Nb4 28. Qd2 Qa4 29. Nd4 g6 30. Re1 Re8 31. c6 Re4 32. c7 Qd7 33. Rc1 Re8 34. a3
Na6 35. Qxa5 Ra8 36. Qxa6 1-0

[Event "16. Torneo Navalmoral de la Mata"]
[Site "Navamoral de la Mata ESP"]
[Date "2010.12.06"]
[Round "5.1"]
[White "Perez Candelario, Manuel"]
[Black "Le Roux, Jean-Pierre"]
[Result "1-0"]
[WhiteElo "2524"]
[BlackElo "2520"]
[PlyCount "75"]
[EventDate "2010.12.04"]
[EventType "swiss"]
[EventRounds "9"]
[EventCountry "ESP"]
[Source "lmi"]
[SourceDate "2010.12.04"]

1. e4 e5 2. Nf3 Nc6 3. Bb5 a6 4. Ba4 Nf6 5. O-O Nxe4 6. d4 b5 7. Bb3 d5 8. dxe5
Be6 9. c3 Bc5 10. Nbd2 O-O 11. Bc2 Nxd2 12. Qxd2 Qd7 13. a4 Ne7 14. b4 Ba7 15.
Nd4 Bxd4 16. Qxd4 h6 17. Be3 Bf5 18. Bb3 Rfd8 19. Qd2 Be6 20. Bd4 Nc6 21. a5
Re8 22. Rae1 Rad8 23. Re3 Bf5 24. h3 Re6 25. g4 Bh7 26. f4 Nxd4 27. Qxd4 Qe7
28. f5 c5 29. Qf4 Rc6 30. Rd1 c4 31. Bc2 Rc7 32. f6 Qd7 33. Bf5 Qc6 34. e6 fxe6
35. f7+ Rxf7 36. Bxh7+ Kf8 37. Qe5 Qd6 38. Qxe6 1-0

[Event "16. Torneo Navalmoral de la Mata"]
[Site "Navamoral de la Mata ESP"]
[Date "2010.12.06"]
[Round "5.2"]
[White "Leon Hoyos, Manuel"]
[Black "Spasov, Vasil"]
[Result "0-1"]
[WhiteElo "2570"]
[BlackElo "2606"]
[PlyCount "66"]
[EventDate "2010.12.04"]
[EventType "swiss"]
[EventRounds "9"]
[EventCountry "ESP"]
[Source "lmi"]
[SourceDate "2010.12.04"]

1. d4 Nf6 2. Bg5 e6 3. Nd2 c5 4. e3 cxd4 5. exd4 Be7 6. Ngf3 b6 7. Bd3 Bb7 8.
O-O d6 9. Re1 Nbd7 10. c3 O-O 11. a4 a6 12. Nc4 Qc7 13. Qe2 Rfe8 14. h3 Nf8 15.
Ne3 Ng6 16. Nh4 Nf8 17. f4 h6 18. Bxf6 Bxf6 19. Qh5 Qd8 20. Nf3 g6 21. Qxh6
Bxf3 22. gxf3 Nh7 23. Bxg6 fxg6 24. Qxg6+ Kh8 25. Ng4 Rg8 26. Qf7 Qe8 27. Qxe6
Qh5 28. Kh2 Bh4 29. Rg1 Rae8 30. Qxd6 Qf5 31. Ne5 Bg3+ 32. Rxg3 Qc2+ 33. Kh1
Rxg3 0-1

[Event "16. Torneo Navalmoral de la Mata"]
[Site "Navamoral de la Mata ESP"]
[Date "2010.12.06"]
[Round "5.3"]
[White "Galego, Luis"]
[Black "Kolev Ivanov, Atanas"]
[Result "1/2-1/2"]
[WhiteElo "2500"]
[BlackElo "2571"]
[PlyCount "34"]
[EventDate "2010.12.04"]
[EventType "swiss"]
[EventRounds "9"]
[EventCountry "ESP"]
[Source "lmi"]
[SourceDate "2010.12.04"]

1. d4 Nf6 2. Nf3 d5 3. c4 e6 4. Nc3 dxc4 5. e3 a6 6. Bxc4 c5 7. O-O b5 8. Be2
Bb7 9. dxc5 Qxd1 10. Rxd1 Bxc5 11. Bd2 Nbd7 12. b4 Be7 13. a4 bxa4 14. Nxa4 O-O
15. Be1 Rab8 16. Nd4 Nd5 17. b5 axb5 1/2-1/2

[Event "16. Torneo Navalmoral de la Mata"]
[Site "Navamoral de la Mata ESP"]
[Date "2010.12.06"]
[Round "5.4"]
[White "Fedorchuk, Sergey A"]
[Black "Koziak, Vitali"]
[Result "1/2-1/2"]
[WhiteElo "2674"]
[BlackElo "2460"]
[PlyCount "140"]
[EventDate "2010.12.04"]
[EventType "swiss"]
[EventRounds "9"]
[EventCountry "ESP"]
[Source "lmi"]
[SourceDate "2010.12.04"]

1. e4 e5 2. Nf3 Nc6 3. Bb5 Nf6 4. d3 Bc5 5. c3 O-O 6. O-O d6 7. Bg5 Bb6 8. Re1
h6 9. Bh4 g5 10. Bg3 Qe7 11. Nbd2 a6 12. Bxc6 bxc6 13. d4 Nh5 14. Nxe5 Nxg3 15.
Nxc6 Qd7 16. d5 Bb7 17. hxg3 Bxc6 18. dxc6 Qxc6 19. g4 d5 20. Qf3 Rad8 21. Re2
d4 22. cxd4 Rxd4 23. Nb3 Rb4 24. Rae1 Rd8 25. e5 Qxf3 26. gxf3 Rd3 27. Kg2 Rf4
28. e6 fxe6 29. Rxe6 Rdxf3 30. Re8+ Kg7 31. R8e7+ Kf8 32. Re8+ Kf7 33. R1e7+
Kg6 34. Re6+ Rf6 35. Rxf6+ Rxf6 36. f3 Rc6 37. Re2 a5 38. Na1 Rc1 39. Nc2 Kf6
40. b3 Rg1+ 41. Kh2 Rd1 42. Kg3 Rd3 43. Rh2 Kg6 44. Na3 a4 45. Nc4 Bd4 46. Rd2
axb3 47. axb3 Rxd2 48. Nxd2 Kf7 49. Kg2 Ke6 50. Kf1 Be3 51. Nc4 Bf4 52. Ke2 Kf6
53. Nb2 Kg6 54. Nd3 h5 55. gxh5+ Kxh5 56. Nf2 Kh4 57. b4 c6 58. Ne4 Kh3 59. Kf2
Kh4 60. Nc5 Kh3 61. Ne6 Bd2 62. Ke2 Bxb4 63. Nxg5+ Kg3 64. Ke3 Bd2+ 65. Kxd2
Kf4 66. Kd3 Kxg5 67. Ke4 Kf6 68. Kd4 Kf5 69. Kc5 Kf4 70. Kxc6 Kxf3 1/2-1/2

[Event "16. Torneo Navalmoral de la Mata"]
[Site "Navamoral de la Mata ESP"]
[Date "2010.12.06"]
[Round "5.5"]
[White "Komljenovic, Davorin"]
[Black "Cornette, Matthieu"]
[Result "0-1"]
[WhiteElo "2459"]
[BlackElo "2522"]
[PlyCount "55"]
[EventDate "2010.12.04"]
[EventType "swiss"]
[EventRounds "9"]
[EventCountry "ESP"]
[Source "lmi"]
[SourceDate "2010.12.04"]

1. d4 Nf6 2. Nf3 d5 3. c4 e6 4. Nc3 Bb4 5. cxd5 exd5 6. Bg5 h6 7. Bxf6 Qxf6 8.
Qa4+ Nc6 9. e3 O-O 10. Rc1 Rd8 11. Be2 Bf8 12. O-O Ne7 13. b4 Ng6 14. Qb3 c6
15. b5 Bg4 16. bxc6 bxc6 17. Na4 Rab8 18. Qc2 Bd6 19. Rfe1 Rb4 20. a3 Bf5 21.
Qd1 Rbb8 22. Nc5 Rb2 23. Nd3 Ra2 24. Ra1 Rxa1 25. Qxa1 Be4 26. Rc1 Rb8 27. Nd2
Rb6 28. Nb3 0-1

[Event "16. Torneo Navalmoral de la Mata"]
[Site "Navamoral de la Mata ESP"]
[Date "2010.12.06"]
[Round "5.6"]
[White "Gonzalez Perez, Arian"]
[Black "Malaniuk, Vladimir P"]
[Result "1/2-1/2"]
[WhiteElo "2435"]
[BlackElo "2510"]
[PlyCount "50"]
[EventDate "2010.12.04"]
[EventType "swiss"]
[EventRounds "9"]
[EventCountry "ESP"]
[Source "lmi"]
[SourceDate "2010.12.04"]

1. Nf3 d6 2. d4 f5 3. g3 Nf6 4. Bg2 g6 5. O-O Bg7 6. b3 O-O 7. Bb2 Qe8 8. c4
Na6 9. d5 c6 10. Nc3 Bd7 11. Nd4 Rc8 12. e3 Qf7 13. Rb1 Nc5 14. Qc2 Kh8 15.
Nde2 cxd5 16. Nxd5 b5 17. Nxf6 Bxf6 18. Bxf6+ Qxf6 19. Nf4 Ne4 20. Nd5 Qe5 21.
Qb2 Qxb2 22. Rxb2 e6 23. Bxe4 fxe4 24. Nc3 bxc4 25. Nxe4 d5 1/2-1/2

[Event "16. Torneo Navalmoral de la Mata"]
[Site "Navamoral de la Mata ESP"]
[Date "2010.12.06"]
[Round "5.7"]
[White "Cruz, Jonathan"]
[Black "Khamrakulov, Ibragim S"]
[Result "0-1"]
[WhiteElo "2399"]
[BlackElo "2494"]
[PlyCount "76"]
[EventDate "2010.12.04"]
[EventType "swiss"]
[EventRounds "9"]
[EventCountry "ESP"]
[Source "lmi"]
[SourceDate "2010.12.04"]

1. d4 Nf6 2. c4 e6 3. Nc3 Bb4 4. Qc2 c5 5. dxc5 Bxc5 6. Nf3 Nc6 7. Bg5 h6 8.
Bh4 O-O 9. e3 d5 10. Rd1 d4 11. exd4 Nxd4 12. Nxd4 Bxd4 13. Qd2 Bb6 14. Qc1 Bd4
15. Be2 Qb6 16. O-O e5 17. c5 Qc6 18. Bf3 Qe6 19. Nb5 g5 20. Nxd4 exd4 21. Rfe1
Qf5 22. Bg3 d3 23. c6 bxc6 24. Bxc6 Be6 25. Bxa8 Rxa8 26. Qc3 Rd8 27. Re3 Ne4
28. Qe5 Nxg3 29. Qxg3 d2 30. Qc7 Rc8 31. Qd6 Bd5 32. Qxh6 g4 33. Re2 Bf3 34.
Qxd2 Bxe2 35. Qxe2 Rc2 36. Qe3 a5 37. h3 gxh3 38. Qg3+ Kh7 0-1

[Event "16. Torneo Navalmoral de la Mata"]
[Site "Navamoral de la Mata ESP"]
[Date "2010.12.06"]
[Round "5.9"]
[White "Carrasco Martinez, Juan M"]
[Black "Cruz, Cristhian"]
[Result "0-1"]
[WhiteElo "2390"]
[BlackElo "2485"]
[PlyCount "68"]
[EventDate "2010.12.04"]
[EventType "swiss"]
[EventRounds "9"]
[EventCountry "ESP"]
[Source "lmi"]
[SourceDate "2010.12.04"]

1. d4 g6 2. Nf3 Bg7 3. c3 d6 4. Bg5 Nf6 5. Nbd2 O-O 6. e4 Qe8 7. Be2 h6 8. Bh4
Nh5 9. O-O e5 10. dxe5 dxe5 11. Re1 Nc6 12. Nc4 Be6 13. Nfd2 Nf4 14. Bf1 Kh8
15. b4 f6 16. Ne3 f5 17. f3 Nh5 18. Bc4 f4 19. Nd5 Qf7 20. Qb3 g5 21. Bf2 Rae8
22. a4 Rg8 23. a5 Bf8 24. b5 Nd8 25. h3 Nf6 26. Nxf6 Qxf6 27. Rad1 h5 28. Bxe6
Nxe6 29. Kf1 b6 30. Nc4 Bc5 31. Qc2 g4 32. hxg4 hxg4 33. Rd5 gxf3 34. gxf3 Qh6
0-1